000 00291nam a22001217a 4500
008 170511b xxu||||| |||| 00| 0 eng d
041 _aeng
080 _a34
100 _a15
101 _aSHJ
245 _aAMERICAN JURISPRUDENCE PLEADING AND PRACTICE
_cSTATE AND FEDERAL
942 _2udc
_cBK
999 _c13085
_d13085